| 000 | 00000nam 2200000za 4500 |
| 001 | 9.838025 |
| 003 | CaOODSP |
| 005 | 20240314152356 |
| 007 | cr ||||||||||| |
| 008 | 170609s2017 onc #o f000 0 fre d |
| 040 | |aCaOODSP|bfre |
| 043 | |an-cn--- |
| 086 | 1 |aPS4-220/2017F-PDF |
| 245 | 00|aExamen de quatre cas de poursuites civiles contre la GRC pour des motifs de harcèlement au travail |h[ressource électronique]. |
| 260 | |a[Ottawa] : |bSécurité publique Canada, |c2017. |
| 300 | |a21 p. |
| 500 | |aPubl. aussi en anglais sous le titre: Review of four cases of civil litigation against the RCMP on workplace harassment. |
| 500 | |aTitre de la couv. |
| 500 | |a«Rapport au ministre de la Sécurité publique et de la Protection civile – Mars 2017.» |
| 692 | 07|2gccst|aHarcèlement |
| 692 | 07|2gccst|aViolence en milieu de travail |
| 710 | 1 |aCanada. |bSécurité publique Canada. |
| 775 | 08|tReview of four cases of civil litigation against the RCMP on workplace harassment |w(CaOODSP)9.838024 |
| 856 | 40|qPDF|s1.23 Mo|uhttps://publications.gc.ca/collections/collection_2017/sp-ps/PS4-220-2017-fra.pdf |